000 00405pab a2200169 454500
008 180718b2003 xxu||||| |||| 00| 0 eng d
100 _aMunjial, Monica
245 _aCrime against women
260 _c2003
300 _ap.110-14.
362 _aOct
650 _aWomen - Crimes against
650 _aWomen
700 _aKaushik, Poonam
773 _aGuru Nanak Journal of Sociology
909 _a62263
999 _c62263
_d62263